Catálogo público

Horticultura moderna (Record no. 14288)

MARC details
000 -CABECERA
campo de control de longitud fija 00876nam a22003017a 4500
003 - IDENTIFICADOR DEL NÚMERO DE CONTROL
campo de control CHAP
005 - FECHA Y HORA DE LA ÚLTIMA TRANSACCIÓN
campo de control 20220329134026.0
008 - DATOS DE LONGITUD FIJA--INFORMACIÓN GENERAL
campo de control de longitud fija 971013s1951 r 00010 d
010 ## - NÚMERO DE CONTROL DE LA BIBLIOTECA DEL CONGRESO
Número de control de LC 14288
011 ## - ENLACE DEL NUMERO DE CONTROL DE LA BIBLIOTECA DEL CONGRESO [OBSOLETO]
Número de control de LC 15260
035 ## - NÚMERO DE CONTROL DEL SISTEMA
Número de control de sistema 19335
040 ## - FUENTE DE LA CATALOGACIÓN
Centro/agencia transcriptor CHAP
082 ## - NÚMERO DE LA CLASIFICACIÓN DECIMAL DEWEY
Número de clasificación 635
Número de documento/Ítem G34
100 00 - ENTRADA PRINCIPAL--NOMBRE DE PERSONA
Nombre de persona Gajón Sánchez, Carlos.
9 (RLIN) 44186
245 ## - MENCIÓN DE TÍTULO
Título Horticultura moderna
250 ## - MENCIÓN DE EDICIÓN
Mención de edición 2 ed.
260 ## - PUBLICACIÓN, DISTRIBUCIÓN, ETC.
Lugar de publicación, distribución, etc. México, D.F. :
Nombre del editor, distribuidor, etc. El autor,
Fecha de publicación, distribución, etc. 1951
300 ## - DESCRIPCIÓN FÍSICA
Extensión 397 p.
Otras características físicas : ilus
590 ## - NOTA LOCAL (RLIN)
Nota local BATCH-UPD
Procedencia (VM) [OBSOLETO] 10
Condición del los carretes individuales (VM) [OBSOLETO] 20130110
-- UCH01
-- 1607
590 ## - NOTA LOCAL (RLIN)
Nota local BATCH-UPD
Procedencia (VM) [OBSOLETO] 10
Condición del los carretes individuales (VM) [OBSOLETO] 20130410
-- UCH01
-- 1003
590 ## - NOTA LOCAL (RLIN)
Nota local BATCH-UPD
Procedencia (VM) [OBSOLETO] 10
Condición del los carretes individuales (VM) [OBSOLETO] 20130914
-- UCH01
-- 1452
590 ## - NOTA LOCAL (RLIN)
Nota local CONVERSION
Procedencia (VM) [OBSOLETO] 10
Condición del los carretes individuales (VM) [OBSOLETO] 20130109
-- UCH01
-- 1309
650 14 - PUNTO DE ACCESO ADICIONAL DE MATERIA--TÉRMINO DE MATERIA
Término de materia o nombre geográfico como elemento de entrada Horticultura.
9 (RLIN) 56291
901 ## - ELEMENTOS DE DATOS A LOCAL LDA (RLIN)
a BK
942 ## - ELEMENTOS DE PUNTO DE ACCESO ADICIONAL (KOHA)
Tipo de ítem Koha Libro
949 ## - PROCESAMIENTO DE INFORMACIÓN LOCAL (OCLC)
a 635 G34
b BC
c ESP
d -153278
e ESP
h 23944
i 19335
s i
949 ## - PROCESAMIENTO DE INFORMACIÓN LOCAL (OCLC)
a 635 G34
b BC
c ESP
d -44952
e ESP
f c.4
h 26022
i 19335
s i
Holdings
Estado de retiro Estado de pérdida Fuente del sistema de clasificación o colocación Estado dañado Restricciones de uso No para préstamo Código de colección Localización permanente Ubicación/localización actual Ubicación en estantería Fecha de adquisición Total de préstamos Signatura topográfica completa Código de barras Fecha visto por última vez Precio válido a partir de Tipo de ítem Koha Número de copia
    Dewey Decimal Classification   Préstamo interno   Especial Biblioteca Central Biblioteca Central Planta alta - Área de Tesis - Especial 31/12/2019   635 G34 -153278 31/12/2019 31/12/2019 Libro  
    Dewey Decimal Classification   Préstamo interno   Especial Biblioteca Central Biblioteca Central Planta alta - Área de Tesis - Especial 31/12/2019   635 G34 33724002489603 31/12/2019 31/12/2019 Libro c.4